| 000 | 00839nam a2200181Ia 4500 | ||
|---|---|---|---|
| 008 | 220216s9999 xx 000 0 und d | ||
| 100 |
_aStroesser L _cet al |
||
| 245 | 0 | _aIncome diversification for rubber farmers through agro-forestry practices: How to overcome rubber prices volatility in Phatthalung province, Thailand | |
| 260 | _bSustainability of the NR Industry: Issues, Challenges & Opportunities: International Rubber Conference, 21-22 November 2016, Cambodian Rubber Research Institute (CRRI) and International Rubber Research and Development Board (IRRDB), Siem Reap, Cambodia, pp.76-97. | ||
| 650 | _aAgro-forestry | ||
| 650 | _aDiversification | ||
| 650 | _aEconomic modeling | ||
| 650 | _aPrice volatility | ||
| 650 | _aProspective analysis | ||
| 650 | _aRubber trees | ||
| 650 | _aStructural typology | ||
| 942 | _cJS | ||
| 999 |
_c60995 _d60995 |
||